Four Corners in Two Countries - Statistics

General Stats
  • This quiz has been taken 107 times
  • The average score is 6 of 8
Answer Stats
answer % Correct
Utah
96%
Colorado
95%
New Mexico
94%
Arizona
91%
Saskatchewan
68%
Manitoba
67%
Nunavut
54%
Northwest Territories
45%
No matching quizzes found
Score Distribution
Percent of People with Each Score
Percentile by Number Answered
Your Score History
You have not taken this quiz